[Event "JOR-ch"]
[Site "Amman"]
[Date "2009.05.08"]
[Round "8"]
[White "Ababaneh, Ghaith"]
[Black "Mohannad, Farhan"]
[Result "0-1"]
[WhiteElo "2024"]
[BlackElo "2284"]
[PlyCount "116"]
[EventDate "2009.04.09"]
[EventType "swiss"]
[EventRounds "9"]
[EventCountry "JOR"]
[SourceTitle "CBM 130 Extra"]
[Source "ChessBase"]
[SourceDate "2009.07.02"]
[SourceVersion "2"]
[SourceVersionDate "2009.07.15"]
[SourceQuality "1"]

1. e4 e6 2. d4 d5 3. e5 c5 4. c3 Nc6 5. Nf3 Bd7 6. Bd3 Qc7 7. 0-0 cxd4 8. cxd4 Nb4 9. Nc3 Nxd3 10. Qxd3 a6 11. Bf4 Ne7 12. Rfc1 Qb6 13. a4 Nc6 14. Qd1 Na5 15. Rab1 Nb3 16. Rc2 Rc8 17. Be3 Rc4 18. Nd2 Nxd2 19. Rxd2 Bb4 20. Rd3 0-0 21. Ne2 f6 22. exf6 Rxf6 23. Bg5 Rf5 24. b3 Rc8 25. Bh4 Be8 26. Ng3 Rf8 27. Rc1 Rxc1 28. Qxc1 Bg6 29. Rd1 e5 30. Ne2 exd4 31. Nxd4 Bc5 32. Qd2 Re8 33. a5 Qb4 34. h3 Qxd2 35. Rxd2 Re1+ 36. Kh2 Bb4 37. Ra2 Rd1 38. Nf3 Rb1 39. Nd2 Rc1 40. Nf3 Rc3 41. Re2 Bxa5 42. Re7 Bc7+ 43. Bg3 Bxg3+ 44. Kxg3 Rxb3 45. Kf4 Rb4+ 46. Kg5 Bc2 47. Rd7 h6+ 48. Kh5 Kh7 49. g4 Rb3 50. Ng1 Be4 51. Kh4 a5 52. f3 Bxf3 53. Nxf3 Rxf3 54. Rxb7 a4 55. g5 hxg5+ 56. Kxg5 Rxh3 57. Ra7 a3 58. Kg4 Rc3 0-1

[Event "JOR-ch"]
[Site "Amman"]
[Date "2009.04.09"]
[Round "1"]
[White "Battikhi, Husein"]
[Black "Ababaneh, Ghaith"]
[Result "1-0"]
[WhiteElo "2187"]
[BlackElo "2024"]
[PlyCount "71"]
[EventDate "2009.04.09"]
[EventType "swiss"]
[EventRounds "9"]
[EventCountry "JOR"]
[SourceTitle "CBM 130 Extra"]
[Source "ChessBase"]
[SourceDate "2009.07.02"]
[SourceVersion "2"]
[SourceVersionDate "2009.07.15"]
[SourceQuality "1"]

1. e4 c5 2. Nc3 Nc6 3. d3 d6 4. g3 g6 5. Bg2 Bg7 6. Nge2 e5 7. 0-0 Nge7 8. f4 0-0 9. Be3 Nd4 10. Rb1 Rb8 11. Qd2 b5 12. fxe5 dxe5 13. Nd1 f5 14. Nxd4 cxd4 15. Bg5 b4 16. Nf2 Qd6 17. c4 dxc3 18. bxc3 Nc6 19. cxb4 Rxb4 20. Rxb4 Qxb4 21. Qxb4 Nxb4 22. Be7 Nxa2 23. Bxf8 Bxf8 24. exf5 Nc3 25. fxg6 hxg6 26. Ne4 Nxe4 27. Bxe4 Bc5+ 28. Kg2 Bd4 29. Bxg6 Kg7 30. Be4 a5 31. Rc1 Be6 32. Rc6 Bb3 33. Ra6 Bc3 34. h4 Bd1 35. Kh3 Bb2 36. Rxa5 1-0